000 00650nam a2200193Ii 4500
003 JO-AjNU
008 230605s9999||||xx |||||||||||||| ||und||
040 _aJO-AjNU
_bara
_erda
_cJO-AjNU
041 _aara
050 1 4 _aQP495.W212 1988
100 3 _aويد ، نيكولاس ؛ ترجمة مي مظفر,
_eauthor
_916982
245 0 0 _aالاوهام البصرية
264 3 1 _aبغداد:وزارة الثقافة والاعلام ، 1989
300 _a337ص
336 _atext
_btxt
_2rdacontent
337 _aunmediated
_bn
_2rdamedia
338 _avolume
_bnc
_2rdacarrier
650 4 _aالبصر -الحواس-علم البصريات
_916983
999 _aA5151
_c8719
_d8719